[Event "BCF-chT3 1011 (4NCL)"]
[Site "England"]
[Date "2010.11.07"]
[Round "2.34"]
[White "Lilley, Graham"]
[Black "Habershon, Paul F"]
[Result "1/2-1/2"]
[WhiteElo "2081"]
[BlackElo "2114"]
[PlyCount "61"]
[EventDate "2010.11.06"]
[EventType "team-swiss"]
[EventRounds "9"]
[EventCountry "ENG"]
[SourceTitle "CBM 139 Extra"]
[Source "ChessBase"]
[SourceDate "2011.01.05"]
[SourceVersion "1"]
[SourceVersionDate "2011.01.05"]
[SourceQuality "1"]
[WhiteTeam "Braille Chess Association"]
[BlackTeam "FCA Solutions"]
[WhiteTeamCountry "ENG"]
[BlackTeamCountry "ENG"]

1. d4 Nf6 2. c4 c5 3. d5 e6 4. Nc3 exd5 5. cxd5 d6 6. e4 g6 7. Nf3 Bg7 8. h3 0-0 9. Bd3 Na6 10. 0-0 Nc7 11. a4 Rb8 12. Bf4 b6 13. Nb5 Nxb5 14. axb5 Ra8 15. Qb3 Bb7 16. Nd2 Re8 17. Rfe1 Nh5 18. Bh2 Qf6 19. Nc4 Nf4 20. Bf1 g5 21. Qf3 Re7 22. Re3 Qh6 23. Rea3 f5 24. Bxf4 fxe4 25. Bxg5 Qxg5 26. Qg3 Qxg3 27. Rxg3 Bxd5 28. Nxd6 Rf8 29. Rg5 Re5 30. Rg3 Re7 31. Rg5 1/2-1/2

[Event "BCF-chT3 0809 (4NCL)"]
[Site "Hinckley Island"]
[Date "2009.05.03"]
[Round "10.3"]
[White "Purdon, Colin"]
[Black "Lilley, Graham"]
[Result "1-0"]
[WhiteElo "2096"]
[BlackElo "2097"]
[PlyCount "67"]
[EventDate "2008.10.18"]
[EventType "team-swiss"]
[EventRounds "11"]
[EventCountry "ENG"]
[SourceTitle "EXT 2010"]
[Source "ChessBase"]
[SourceDate "2010.11.25"]
[SourceVersion "1"]
[SourceVersionDate "2010.11.25"]
[SourceQuality "1"]
[WhiteTeam "AMCA Dragons"]
[BlackTeam "Braille Chess Association"]
[WhiteTeamCountry "ENG"]
[BlackTeamCountry "ENG"]

1. d4 Nf6 2. c4 g6 3. Nc3 Bg7 4. e4 d6 5. Nf3 0-0 6. Be2 e5 7. d5 Na6 8. h3 Nc5 9. Qc2 a5 10. Bg5 h6 11. Be3 b6 12. Nd2 Bd7 13. b3 c6 14. 0-0 cxd5 15. cxd5 Qb8 16. Rac1 Rc8 17. a4 Ne8 18. Qb1 f5 19. Bb5 Bxb5 20. Nxb5 f4 21. Bxc5 bxc5 22. Nc4 Bf8 23. Qd3 Rd8 24. Qd2 Nc7 25. Nxa5 Nxb5 26. Nc6 Qb6 27. axb5 Rd7 28. Qe2 Rb7 29. Ra1 Rxa1 30. Rxa1 Qxb5 31. Qg4 Kh7 32. Ra8 Bg7 33. Qe6 h5 34. Ne7 1-0

[Event "BCF-chT3 0809 (4NCL)"]
[Site "Hinckley Island"]
[Date "2009.03.22"]
[Round "8.3"]
[White "Lilley, Graham"]
[Black "Meade, Philip J"]
[Result "1/2-1/2"]
[WhiteElo "2097"]
[BlackElo "2055"]
[PlyCount "57"]
[EventDate "2008.10.18"]
[EventType "team-swiss"]
[EventRounds "11"]
[EventCountry "ENG"]
[SourceTitle "EXT 2010"]
[Source "ChessBase"]
[SourceDate "2010.11.25"]
[SourceVersion "1"]
[SourceVersionDate "2010.11.25"]
[SourceQuality "1"]
[WhiteTeam "Braille Chess Association"]
[BlackTeam "Gloucestershire Gambits"]
[WhiteTeamCountry "ENG"]
[BlackTeamCountry "ENG"]

1. d4 Nf6 2. c4 e6 3. Nf3 b6 4. a3 Bb7 5. Nc3 d6 6. d5 e5 7. e4 Be7 8. Be2 a5 9. 0-0 Nbd7 10. b3 0-0 11. Bb2 Re8 12. Qc2 Nf8 13. b4 Ng6 14. Rfe1 Bf8 15. Bf1 Bc8 16. h3 h6 17. g3 Nh7 18. Nd1 Ng5 19. Nxg5 Qxg5 20. Kh2 f5 21. Nc3 f4 22. Be2 Re7 23. Rf1 Rf7 24. Bf3 Bd7 25. Nb5 Bxb5 26. cxb5 axb4 27. axb4 Rxa1 28. Bxa1 fxg3+ 29. fxg3 1/2-1/2

[Event "IBCA-ol blind 13th"]
[Site "Heraklion"]
[Date "2008.10.22"]
[Round "4.3"]
[White "Lilley, Graham"]
[Black "Zsiltzova Lisenko, Lubov"]
[Result "0-1"]
[WhiteElo "2115"]
[BlackElo "2265"]
[PlyCount "102"]
[EventDate "2008.10.19"]
[EventType "team-swiss"]
[EventRounds "9"]
[EventCountry "GRE"]
[SourceTitle "EXT 2010"]
[Source "ChessBase"]
[SourceDate "2010.11.25"]
[SourceVersion "1"]
[SourceVersionDate "2010.11.25"]
[SourceQuality "1"]
[WhiteTeam "England (blind)"]
[BlackTeam "Ukraine (blind)"]
[WhiteTeamCountry "ENG"]
[BlackTeamCountry "UKR"]

1. c4 c5 2. Nf3 Nc6 3. Nc3 g6 4. g3 Bg7 5. Bg2 Nf6 6. 0-0 0-0 7. d4 cxd4 8. Nxd4 Nxd4 9. Qxd4 d6 10. Qd3 Qa5 11. e4 Be6 12. Bd2 Qh5 13. f3 Qc5+ 14. Be3 Qxc4 15. Qd2 Rfc8 16. Rfc1 Qb4 17. a3 Qa5 18. b4 Qd8 19. Nb5 a6 20. Nd4 Bc4 21. Rc3 e5 22. Nb3 d5 23. Na5 b5 24. Bg5 Qb6+ 25. Kh1 d4 26. Rc2 Rc7 27. Rac1 Qe6 28. h4 Ne8 29. Kh2 f6 30. Bh6 Qf7 31. Bxg7 Kxg7 32. f4 Rac8 33. fxe5 fxe5 34. Bh3 Be6 35. Bxe6 Qxe6 36. Nb7 Rxc2 37. Rxc2 Rxc2 38. Qxc2 Qc4 39. Qd2 Nf6 40. Nc5 Ng4+ 41. Kh3 Ne3 42. Qf2 h5 43. Qf3 a5 44. Qf2 axb4 45. axb4 Ng4 46. Qf3 Qa2 47. Qg2 Qf7 48. Qe2 Qc4 49. Qf3 d3 50. Qg2 Ne3 51. Qf3 d2 0-1

[Event "IBCA-ol blind 13th"]
[Site "Heraklion"]
[Date "2008.10.19"]
[Round "1.3"]
[White "Lilley, Graham"]
[Black "Harnandan, Sergio"]
[Result "1/2-1/2"]
[WhiteElo "2115"]
[BlackElo "1400"]
[PlyCount "130"]
[EventDate "2008.10.19"]
[EventType "team-swiss"]
[EventRounds "9"]
[EventCountry "GRE"]
[SourceTitle "EXT 2010"]
[Source "ChessBase"]
[SourceDate "2010.11.25"]
[SourceVersion "1"]
[SourceVersionDate "2010.11.25"]
[SourceQuality "1"]
[WhiteTeam "England (blind)"]
[BlackTeam "Netherlands (blind)"]
[WhiteTeamCountry "ENG"]
[BlackTeamCountry "NED"]

1. Nf3 d5 2. d4 Bf5 3. c4 c6 4. Nc3 Nf6 5. cxd5 cxd5 6. Bf4 Nc6 7. e3 e6 8. Bb5 Bd6 9. Ne5 Bxe5 10. Bxe5 a6 11. Bxc6+ bxc6 12. 0-0 0-0 13. Qa4 Bd3 14. Rfc1 Rc8 15. Qd1 Bg6 16. Bxf6 Qxf6 17. Na4 Qe7 18. Nc5 a5 19. Rc3 Rb8 20. b3 f6 21. Rac1 e5 22. Na4 Be8 23. Qd2 e4 24. Rc5 Rb5 25. Nb2 Qb7 26. Rxb5 cxb5 27. Qxa5 Bc6 28. Qc3 Rc8 29. a4 Bd7 30. Qd2 Rxc1+ 31. Qxc1 bxa4 32. bxa4 Qb4 33. h3 Bxa4 34. Qc8+ Kf7 35. Nxa4 Qxa4 36. Qb7+ Ke6 37. Qxg7 Qd1+ 38. Kh2 h5 39. Qb7 Kd6 40. Qb6+ Ke7 41. Qc5+ Ke6 42. Qc6+ Ke7 43. Qxd5 Qc2 44. Qxh5 Qxf2 45. Qh7+ Kd6 46. Qxe4 Qe1 47. Qf3 Ke6 48. d5+ Ke7 49. e4 Qb1 50. Qf5 Qb8+ 51. Kg1 Qb6+ 52. Kf1 Qb1+ 53. Kf2 Qc2+ 54. Kg3 Qc3+ 55. Kh4 Qe1+ 56. g3 Kf7 57. e5 Qb4+ 58. Qf4 Qb1 59. Qxf6+ Kg8 60. Qg5+ Kf7 61. e6+ Kf8 62. Qf6+ Kg8 63. Qf7+ Kh8 64. e7 Qe4+ 65. g4 Qxg4+ 1/2-1/2

[Event "BCF-chT4 0708 (4NCL)"]
[Site "England"]
[Date "2008.05.04"]
[Round "10.4"]
[White "Szymanski, Mark"]
[Black "Lilley, Graham"]
[Result "1/2-1/2"]
[WhiteElo "2015"]
[BlackElo "2118"]
[PlyCount "81"]
[EventDate "2007.09.15"]
[EventType "team-swiss"]
[EventRounds "11"]
[EventCountry "ENG"]
[SourceTitle "EXT 2009"]
[Source "ChessBase"]
[SourceDate "2008.11.26"]
[SourceVersion "1"]
[SourceVersionDate "2008.11.26"]
[SourceQuality "1"]
[WhiteTeam "Anglian Avengers II"]
[BlackTeam "Braille Chess Association"]
[WhiteTeamCountry "ENG"]
[BlackTeamCountry "ENG"]

1. d4 Nf6 2. Nf3 g6 3. Bg5 Bg7 4. Nbd2 h6 5. Bh4 d6 6. e3 Nbd7 7. c3 b6 8. a4 Bb7 9. a5 c5 10. a6 Bc6 11. b4 cxd4 12. cxd4 Rc8 13. b5 Ba8 14. Rc1 0-0 15. Be2 Rxc1 16. Qxc1 Qc8 17. 0-0 Qb8 18. Qb1 Rc8 19. e4 e5 20. d5 Rc3 21. Nc4 Nh5 22. Re1 Nf4 23. Bf1 Nc5 24. Nfd2 g5 25. Bg3 Qc7 26. Qb4 Rd3 27. Bxd3 Nfxd3 28. Qb1 Nxe1 29. Qxe1 Qd7 30. Qb1 Bf8 31. Ne3 Qc7 32. Nec4 Qc8 33. f3 f5 34. Bf2 Nd7 35. Ne3 f4 36. Nf5 Qc3 37. Nf1 Nf6 38. h3 h5 39. Be1 Qc5+ 40. Bf2 Qc3 41. Be1 1/2-1/2

[Event "BCF-chT4 0708 (4NCL)"]
[Site "England"]
[Date "2007.11.25"]
[Round "4.3"]
[White "Richmond, Jane"]
[Black "Lilley, Graham"]
[Result "1-0"]
[WhiteElo "2140"]
[BlackElo "2140"]
[PlyCount "67"]
[EventDate "2007.09.15"]
[EventType "team-swiss"]
[EventRounds "11"]
[EventCountry "ENG"]
[SourceTitle "EXT 2009"]
[Source "ChessBase"]
[SourceDate "2008.11.26"]
[SourceVersion "1"]
[SourceVersionDate "2008.11.26"]
[SourceQuality "1"]
[WhiteTeam "Brown Jack"]
[BlackTeam "Braille Chess Association"]
[WhiteTeamCountry "ENG"]
[BlackTeamCountry "ENG"]

1. d4 g6 2. e4 Bg7 3. Nc3 d6 4. Be3 Nd7 5. Be2 a6 6. a4 b6 7. f4 Bb7 8. Bf3 e5 9. Nge2 Ngf6 10. 0-0 0-0 11. g4 c5 12. dxe5 dxe5 13. g5 Ne8 14. f5 f6 15. fxg6 hxg6 16. Bg4 Bc6 17. Be6+ Kh7 18. Qe1 fxg5 19. Qg3 Bh6 20. Nd5 Ng7 21. Bxd7 Bxd5 22. Rxf8 Qxf8 23. exd5 Rd8 24. Be6 Nxe6 25. dxe6 Qf6 26. Qh3 Qf5 27. Qxf5 gxf5 28. Nc3 Re8 29. a5 Rxe6 30. Nd5 f4 31. axb6 Rd6 32. b7 Rd8 33. Nf6+ Kg7 34. Nd7 1-0

[Event "IBCA EU-ch blind 04th"]
[Site "Durham"]
[Date "2007.08.16"]
[Round "3.20"]
[White "Lilley, Graham"]
[Black "Berggren, Marcus"]
[Result "0-1"]
[WhiteElo "2155"]
[BlackElo "1738"]
[PlyCount "68"]
[EventDate "2007.08.14"]
[EventType "swiss"]
[EventRounds "9"]
[EventCountry "ENG"]
[SourceTitle "EXT 2008"]
[Source "ChessBase"]
[SourceDate "2007.11.25"]
[SourceVersion "1"]
[SourceVersionDate "2007.11.25"]
[SourceQuality "1"]

1. Nf3 e6 2. c4 Nf6 3. d4 b6 4. Nc3 Bb4 5. Bd2 0-0 6. e3 Bb7 7. Be2 d6 8. 0-0 Nbd7 9. a3 Bxc3 10. Bxc3 Qe7 11. b4 Ne4 12. Bb2 c5 13. Qb3 Ndf6 14. Rad1 Rfd8 15. Ne1 d5 16. dxc5 bxc5 17. f3 Nd6 18. bxc5 Nf5 19. Bxf6 gxf6 20. Nc2 Rdb8 21. Qc3 Rc8 22. Nd4 Rxc5 23. Nb3 Rc7 24. c5 Bc6 25. Rfe1 Ba4 26. e4 Bxb3 27. Qxb3 Qxc5+ 28. Kh1 Ne3 29. Rd3 d4 30. Qb2 e5 31. Rb3 Qc2 32. Rb8+ Rxb8 33. Qxb8+ Kg7 34. Ba6 Qxg2# 0-1

[Event "IBCA-ol blind 12th"]
[Site "La Pineda"]
[Date "2004.11.08"]
[Round "6.1"]
[White "Lilley, Graham"]
[Black "Zhunusov, Murat"]
[Result "0-1"]
[WhiteElo "2194"]
[BlackElo "2217"]
[PlyCount "114"]
[EventDate "2004.11.03"]
[EventType "team-swiss"]
[EventRounds "9"]
[EventCountry "ESP"]
[SourceTitle "EXT 2010"]
[Source "ChessBase"]
[SourceDate "2010.11.25"]
[SourceVersion "1"]
[SourceVersionDate "2010.11.25"]
[SourceQuality "1"]
[WhiteTeam "England (blind)"]
[BlackTeam "Kazakhstan (blind)"]
[WhiteTeamCountry "ENG"]
[BlackTeamCountry "KAZ"]

1. d4 Nf6 2. c4 e6 3. Nc3 d5 4. cxd5 exd5 5. Bg5 c6 6. e3 Bb4 7. Bd3 Nbd7 8. Nge2 Nf8 9. 0-0 Bd6 10. h3 Ne6 11. Bh4 h6 12. f3 Be7 13. Rc1 0-0 14. Bb1 Re8 15. e4 Nh5 16. Bxe7 Qxe7 17. Qd2 Qf6 18. exd5 Nef4 19. Nxf4 Nxf4 20. Qf2 Qg5 21. h4 Nh3+ 22. Kh2 Qxc1 23. Rxc1 Nxf2 24. Rf1 Ng4+ 25. fxg4 Bxg4 26. dxc6 bxc6 27. Be4 Rac8 28. Rf4 Be6 29. b4 Red8 30. Bf3 Kf8 31. a3 Rd6 32. Na4 g5 33. hxg5 hxg5 34. Re4 Bd5 35. Rg4 Bxf3 36. gxf3 f6 37. Nc5 Re8 38. Kg1 Re3 39. Kf2 Rxa3 40. f4 gxf4 41. Rxf4 Kg7 42. Rg4+ Kf7 43. Rh4 Rd8 44. Ke2 Re8+ 45. Kd2 Rg8 46. Rh7+ Rg7 47. Rxg7+ Kxg7 48. Ne6+ Kf7 49. Nd8+ Ke7 50. Nxc6+ Kd6 51. b5 a6 52. Nb4 axb5 53. Nc2 Ra2 54. Kc3 Rxc2+ 55. Kxc2 f5 56. Kd3 b4 57. Kc4 f4 0-1

[Event "IBCA-ol blind 12th"]
[Site "La Pineda"]
[Date "2004.11.05"]
[Round "3.1"]
[White "Trkaljanov, Vladimir"]
[Black "Lilley, Graham"]
[Result "1-0"]
[WhiteElo "2235"]
[BlackElo "2194"]
[PlyCount "69"]
[EventDate "2004.11.03"]
[EventType "team-swiss"]
[EventRounds "9"]
[EventCountry "ESP"]
[SourceTitle "EXT 2010"]
[Source "ChessBase"]
[SourceDate "2010.11.25"]
[SourceVersion "1"]
[SourceVersionDate "2010.11.25"]
[SourceQuality "1"]
[WhiteTeam "Macedonia (blind)"]
[BlackTeam "England (blind)"]
[WhiteTeamCountry "MKD"]
[BlackTeamCountry "ENG"]

1. e4 e6 2. d4 d5 3. Nc3 Bb4 4. e5 c5 5. a3 Bxc3+ 6. bxc3 Ne7 7. Qg4 0-0 8. Bd3 Nbc6 9. Qh5 Ng6 10. Nf3 Qc7 11. 0-0 c4 12. Be2 f6 13. exf6 Rxf6 14. Ng5 h6 15. Nh3 Qf7 16. f4 Bd7 17. Bd2 Nge7 18. Qxf7+ Rxf7 19. Nf2 Nf5 20. Ng4 Nd6 21. Bf3 Re7 22. Ne3 Be8 23. g4 b5 24. Rae1 Ne4 25. Bxe4 dxe4 26. f5 Nd8 27. fxe6 Nxe6 28. Nf5 Rf7 29. Rxe4 Nc7 30. Re5 Rd8 31. Ne3 Rxf1+ 32. Kxf1 Bc6 33. Rc5 Rd6 34. Nf5 Rf6 35. Rxc6 1-0

[Event "IBCA-ol blind 12th"]
[Site "La Pineda"]
[Date "2004.11.03"]
[Round "1.1"]
[White "Palacios Perez, Manuel"]
[Black "Lilley, Graham"]
[Result "1-0"]
[WhiteElo "2229"]
[BlackElo "2194"]
[PlyCount "55"]
[EventDate "2004.11.03"]
[EventType "team-swiss"]
[EventRounds "9"]
[EventCountry "ESP"]
[SourceTitle "EXT 2010"]
[Source "ChessBase"]
[SourceDate "2010.11.25"]
[SourceVersion "1"]
[SourceVersionDate "2010.11.25"]
[SourceQuality "1"]
[WhiteTeam "Spain (blind)"]
[BlackTeam "England (blind)"]
[WhiteTeamCountry "ESP"]
[BlackTeamCountry "ENG"]

1. d4 Nf6 2. Nf3 g6 3. Nc3 Bg7 4. e4 d6 5. Bg5 h6 6. Be3 0-0 7. Qd2 Kh7 8. 0-0-0 a6 9. Bd3 Nc6 10. e5 Ng4 11. Bf4 Nxd4 12. Nxd4 Nxe5 13. Bxe5 Bxe5 14. Nf3 Bg7 15. h4 h5 16. Ng5+ Kg8 17. Nxf7 Rxf7 18. Bxg6 Rf6 19. Qd5+ Be6 20. Qxh5 c5 21. Ne4 Bxa2 22. Nxf6+ exf6 23. Rhe1 Qa5 24. Re7 Kf8 25. Rxg7 Kxg7 26. Qh7+ Kf8 27. Qh8+ Bg8 28. Qxf6+ 1-0

[Event "IBCA-ol blind 11th"]
[Site "Zakopane"]
[Date "2000.09.07"]
[Round "9.1"]
[White "Bjerring, Kai"]
[Black "Lilley, Graham"]
[Result "1-0"]
[WhiteElo "2275"]
[BlackElo "2220"]
[PlyCount "43"]
[EventDate "2000.08.28"]
[EventType "team-swiss"]
[EventRounds "9"]
[EventCountry "POL"]
[SourceTitle "EXT 2010"]
[Source "ChessBase"]
[SourceDate "2010.11.25"]
[SourceVersion "1"]
[SourceVersionDate "2010.11.25"]
[SourceQuality "1"]
[WhiteTeam "Denmark (blind)"]
[BlackTeam "England (blind)"]
[WhiteTeamCountry "DEN"]
[BlackTeamCountry "ENG"]

1. e4 e6 2. d4 d5 3. Nd2 Nf6 4. e5 Nfd7 5. Bd3 c5 6. c3 Nc6 7. Ne2 cxd4 8. cxd4 f6 9. exf6 Nxf6 10. 0-0 Bd6 11. Nf3 0-0 12. Bf4 Bxf4 13. Nxf4 Ne4 14. Nh5 Ng5 15. Ne5 Nxe5 16. dxe5 Nf7 17. Qg4 Qg5 18. Qxg5 Nxg5 19. Rac1 Bd7 20. Rc7 Bc6 21. Rxg7+ Kh8 22. Rxg5 1-0

[Event "IBCA-ol blind 11th"]
[Site "Zakopane"]
[Date "2000.09.06"]
[Round "8.1"]
[White "Riegler, Dieter"]
[Black "Lilley, Graham"]
[Result "1-0"]
[WhiteElo "2190"]
[BlackElo "2220"]
[PlyCount "73"]
[EventDate "2000.08.28"]
[EventType "team-swiss"]
[EventRounds "9"]
[EventCountry "POL"]
[SourceTitle "EXT 2010"]
[Source "ChessBase"]
[SourceDate "2010.11.25"]
[SourceVersion "1"]
[SourceVersionDate "2010.11.25"]
[SourceQuality "1"]
[WhiteTeam "Germany (blind)"]
[BlackTeam "England (blind)"]
[WhiteTeamCountry "GER"]
[BlackTeamCountry "ENG"]

1. d4 Nf6 2. c4 g6 3. Nc3 Bg7 4. e4 d6 5. f4 0-0 6. Nf3 c5 7. d5 e6 8. Be2 exd5 9. cxd5 Bg4 10. 0-0 Nbd7 11. h3 Bxf3 12. Bxf3 a6 13. a4 b6 14. Re1 Re8 15. Re2 Rb8 16. Qe1 Qc7 17. Be3 b5 18. axb5 axb5 19. Bf2 c4 20. Ra7 Qd8 21. e5 dxe5 22. fxe5 Nh5 23. Bxh5 gxh5 24. e6 fxe6 25. dxe6 Nf6 26. Ne4 Nxe4 27. Rxg7+ Kxg7 28. Rxe4 Qg5 29. Bh4 Qg6 30. Re3 Rb6 31. e7 Qc2 32. Rg3+ Kf7 33. Qf1+ Ke6 34. Qf6+ Kd7 35. Qxb6 Qxb2 36. Qb7+ Ke6 37. Qc6+ 1-0

[Event "IBCA-ol blind 11th"]
[Site "Zakopane"]
[Date "2000.09.02"]
[Round "5.1"]
[White "Dukaczewski, Piotr"]
[Black "Lilley, Graham"]
[Result "0-1"]
[WhiteElo "2290"]
[BlackElo "2220"]
[PlyCount "114"]
[EventDate "2000.08.28"]
[EventType "team-swiss"]
[EventRounds "9"]
[EventCountry "POL"]
[SourceTitle "EXT 2010"]
[Source "ChessBase"]
[SourceDate "2010.11.25"]
[SourceVersion "1"]
[SourceVersionDate "2010.11.25"]
[SourceQuality "1"]
[WhiteTeam "Poland (blind)"]
[BlackTeam "England (blind)"]
[WhiteTeamCountry "POL"]
[BlackTeamCountry "ENG"]

1. e4 c5 2. Nf3 Nc6 3. d4 cxd4 4. Nxd4 g6 5. c4 Nf6 6. Nc3 Nxd4 7. Qxd4 d6 8. Bg5 Bg7 9. Be2 0-0 10. Qd2 Qa5 11. 0-0 Be6 12. Rac1 Rfc8 13. b3 a6 14. a4 b5 15. Bf3 b4 16. Ne2 Rab8 17. h3 Qe5 18. Ng3 a5 19. Rfe1 Qc5 20. Be2 Re8 21. Be3 Qc6 22. Qc2 Nd7 23. f4 Nc5 24. Bf3 Qc7 25. Kh1 Bc8 26. Rf1 Bb7 27. Rcd1 Rbd8 28. Rf2 Ne6 29. Ne2 Nc5 30. Ng3 Ne6 31. Kh2 Bh6 32. Ne2 Rf8 33. Bg4 Nc5 34. Bf3 e5 35. Bc1 exf4 36. Kh1 Ne6 37. Bg4 d5 38. exd5 Bxd5 39. Rxd5 Rxd5 40. Nxf4 Re5 41. Nd3 Nd4 42. Qd1 Bxc1 43. Qxc1 Re7 44. Qb2 Rfe8 45. Rf1 Ne2 46. Bxe2 Rxe2 47. Qf6 R8e6 48. Qa1 Qg3 49. Nf4 Re1 50. Nxe6 Rxa1 51. Rxa1 fxe6 52. Rb1 Qd3 53. Rb2 e5 54. c5 Qc3 55. Rb1 Qxc5 56. Rf1 e4 57. Kh2 Qc3 0-1

[Event "BCF-ch 87th"]
[Site "Millfield"]
[Date "2000.08.11"]
[Round "11"]
[White "Lilley, Graham"]
[Black "Collins, Sam E"]
[Result "0-1"]
[WhiteElo "2224"]
[BlackElo "2172"]
[PlyCount "124"]
[EventDate "2000.07.31"]
[EventType "swiss"]
[EventRounds "11"]
[EventCountry "ENG"]
[SourceTitle "CBM 077 Extra"]
[Source "ChessBase"]
[SourceDate "2000.09.14"]
[SourceVersion "1"]
[SourceVersionDate "2000.09.14"]
[SourceQuality "1"]

1. c4 c6 2. e4 d5 3. cxd5 cxd5 4. exd5 Nf6 5. Nc3 Nxd5 6. Bc4 Nb6 7. Bb3 g6 8. Nf3 Bg7 9. d4 Nc6 10. Be3 0-0 11. h3 Na5 12. 0-0 Nxb3 13. axb3 Nd5 14. Qd2 Nxe3 15. fxe3 Be6 16. Ra3 h6 17. e4 b5 18. Nxb5 Qb6 19. Qa5 Qxa5 20. Rxa5 Bxb3 21. Nxa7 Bc4 22. Rfa1 Rfb8 23. Nc6 Rxa5 24. Rxa5 Rxb2 25. Nxe7+ Kh7 26. Nd5 Be2 27. e5 Bxf3 28. gxf3 Rd2 29. Ra4 Bxe5 30. dxe5 Rxd5 31. Ra7 Kg8 32. f4 Rd4 33. Ra8+ Kg7 34. Ra7 Rxf4 35. e6 Kf8 36. exf7 Rxf7 37. Ra6 Kg7 38. Kg2 g5 39. Kg3 Rf6 40. Ra7+ Kg6 41. Ra5 Rb6 42. Ra3 h5 43. Rc3 Rd6 44. Ra3 h4+ 45. Kf3 Rd2 46. Ra6+ Kf5 47. Ra5+ Kf6 48. Ra6+ Ke5 49. Ra5+ Kf6 50. Ra6+ Kf5 51. Ra5+ Kg6 52. Ra6+ Kh5 53. Ra8 Rh2 54. Rh8+ Kg6 55. Rg8+ Kf6 56. Kg4 Rg2+ 57. Kh5 Kf5 58. Rf8+ Ke4 59. Rf7 Rg3 60. Rg7 Kf3 61. Rxg5 Rxg5+ 62. Kxg5 Kg3 0-1

[Event "Hanham op"]
[Site "Bristol"]
[Date "1999.06.06"]
[Round "4"]
[White "Lilley, Graham"]
[Black "Saunders, Walter NR"]
[Result "0-1"]
[WhiteElo "2235"]
[BlackElo "2157"]
[PlyCount "96"]
[EventDate "1999.06.04"]
[EventType "swiss"]
[EventRounds "5"]
[EventCountry "ENG"]
[SourceTitle "EXT 2001"]
[Source "ChessBase"]
[SourceDate "2000.11.22"]
[SourceVersion "1"]
[SourceVersionDate "2000.11.22"]
[SourceQuality "1"]

1. d4 Nf6 2. c4 g6 3. Nc3 d5 4. Nf3 Bg7 5. cxd5 Nxd5 6. e4 Nxc3 7. bxc3 0-0 8. Rb1 c5 9. Be2 Qa5 10. Bd2 Qxa2 11. 0-0 Qe6 12. Ng5 Qd7 13. d5 h6 14. Nf3 Qc7 15. Qc1 Kh7 16. Bf4 Qa5 17. c4 Nd7 18. e5 e6 19. d6 f6 20. exf6 Rxf6 21. Bg3 Rf7 22. Rb3 Qd8 23. Bd3 Rxf3 24. gxf3 Ne5 25. Be4 Qxd6 26. f4 Qd4 27. Re1 Nc6 28. h4 h5 29. Qb1 Ne7 30. Bxb7 Bxb7 31. Rxb7 Nf5 32. Qe4 Qxe4 33. Rxe4 a5 34. Rxe6 a4 35. Rbb6 a3 36. Ra6 Rxa6 37. Rxa6 Bb2 38. Kf1 Nd4 39. f5 gxf5 40. Bd6 Nb3 41. Ke2 a2 42. Rxa2 Nc1+ 43. Kd1 Nxa2 44. Bxc5 Bf6 45. Kc2 Nc3 46. Bd6 Ne4 47. Bg3 Nxg3 48. fxg3 Be5 0-1